Torschützenliste der Premier League 2012-2013 - Statistiken

Allgemein
  • Dieses Quiz wurde 47 mal gespielt
  • Das Durchschnittsergebnis liegt bei 6 aus 10
Antwortstatistiken
Tore Nationalität Verein Spieler % Korrekt
26 Niederlande Manchester United Robin van Persie
100%
15 Senegal Newcastle United / FC Chelsea Demba Ba
98%
23 Uruguay FC Liverpool Luis Suárez
98%
21 Wales Tottenham Hotspur Gareth Bale
95%
17 Belgien West Bromwich Albion Romelu Lukaku
69%
15 England FC Chelsea Frank Lampard
45%
19 Belgien Aston Villa Christian Benteke
38%
15 Bulgarien FC Fulham Dimitar Berbatow
17%
18 Spanien Swansea City Michu
17%
15 England FC Southampton Rickie Lambert
7%
Keine übereinstimmenden Quizze gefunden
Verteilung der Resultate
Anzahl Personen mit jedem Resultat
Perzentil nach korrekt beantworteten Fragen
Ihre Resultats-Entwicklung
Sie haben dieses Quiz noch nicht gespielt